"Треугольник" США - Япония - Южная Корея: Миф и реальность

গ্রন্থ-পঞ্জীর বিবরন
প্রধান লেখক: Воронцов А. В. Александр Валентинович
সংস্থা লেখক: Академия наук СССР (АН СССР) Институт востоковедения (ИВ)
ভাষা:রুশ
প্রকাশিত: Москва, Наука, 1991
বিষয়গুলি:
বিন্যাস: MixedMaterials গ্রন্থ
KOHA link:https://koha.lib.tpu.ru/cgi-bin/koha/opac-detail.pl?biblionumber=18303

MARC

LEADER 00000nam0a2200000 4500
001 18303
005 20231030191234.0
010 |a 5020168262 
035 |a (RuTPU)RU\TPU\book\18452 
035 |a BOOK00003140 
090 |a 18303 
100 |a 20011209d1991 k y0rusy50 ca 
101 0 |a rus 
102 |a RU 
105 |a y z 000zy 
200 1 |a "Треугольник" США - Япония - Южная Корея  |e Миф и реальность  |f А. В. Воронцов  |g Академия наук СССР (АН СССР), Институт востоковедения (ИВ) 
210 |a Москва  |c Наука  |d 1991 
215 |a 199 с. 
610 1 |a политика 
610 1 |a международные отношения 
610 1 |a США 
610 1 |a Япония 
610 1 |a Южная Корея 
610 1 |a история 
610 1 |a 20 век 
686 |a Ф4(0.8)  |v LBC/SL-A  |2 rubbk 
700 1 |a Воронцов  |b А. В.  |g Александр Валентинович 
712 0 2 |a Академия наук СССР (АН СССР)  |b Институт востоковедения (ИВ)  |c (Москва)  |2 stltpush  |3 (RuTPU)RU\TPU\col\11263 
801 0 |a RU  |b 63413507  |c 20011209  |g PSBO 
801 2 |a RU  |b 63413507  |c 20080410  |g PSBO 
942 |c BK